| 000 | 00522nam a22002057a 4500 | ||
|---|---|---|---|
| 003 | OSt | ||
| 005 | 20140310183130.0 | ||
| 008 | 130601t xxu||||| |||| 00| 0 eng d | ||
| 050 |
_aKPM 1440 _b.M827 1955 |
||
| 082 |
_aFIL 344.746021599 _bM79 1955 |
||
| 245 |
_aThe Workmen’s compensation act / _cMorabe, Emiliano |
||
| 250 | _a1st ed. | ||
| 260 | _c1955 | ||
| 300 |
_aii, 310 p. : _c24 cm. |
||
| 521 | _acollege students | ||
| 526 | _c1210L-1700L | ||
| 541 | _j1 | ||
| 562 | _e1 | ||
| 942 |
_2lcc _cBK _kFIL |
||
| 999 |
_c19132 _d19132 |
||